Jaartallen eindexamen Geschiedenis vwo - Statistieken

Algemene statistieken
  • Deze quiz is 241 keer genomen
  • De gemiddelde score is 17 van 41
Antwoordstatistieken
HC Gebeurtenis Jaar % Correct
Steden & Burgers Oprichting VOC 1602
70%
Steden & Burgers Guldensporenslag 1302
66%
Duitsland Verdrag van Versailles 1919
66%
Duitsland Inval Duitsland in Polen 1939
66%
Duitsland Overgave Duitsland: Einde Tweede Wereldoorlog in Europa 1945
65%
Steden & Burgers Rampjaar 1672
63%
Duitsland Beurskrach VS 1929
61%
Duitsland Hitler benoemd tot rijkskanselier/Rijksdagbrand 1933
61%
Duitsland Val Berlijnse muur 1989
56%
Verlichting Eerste Franse Revolutie: macht bij koning en afgevaardigden burgerij 1789
52%
Verlichting Afscheiding België van Nederland 1830
49%
Duitsland Duitsland herenigd 1990
49%
Duitsland Conferentie van München 1938
47%
Verlichting Napoleon komt aan de macht 1799
46%
Duitsland Blokkade van Berlijn 1948
46%
Duitsland Oprichting BRD en DDR 1949
46%
Duitsland Val Sovjet-Unie 1991
46%
Verlichting Britse koloniën in Noord-Amerika verklaren zich onafhankelijk 1776
45%
Verlichting Eerste grondwet in Frankrijk 1791
45%
Verlichting Herziening grondwet door Thorbecke 1848
45%
Verlichting Lodewijk XVI roept Staten Generaal bijeen 1789
40%
Verlichting Begin Congres van Wenen 1814
40%
Verlichting Tweede revolutie in Frankrijk: Jakobijnen aan de macht 1792
39%
Duitsland Bouw Berlijnse muur 1961
38%
China Boksersopstand 1900
37%
China Overgave Japan: Einde Tweede Wereldoorlog: Burgeroolog Nationalisten en Communisten breekt uit 1945
37%
Steden & Burgers Val van Antwerpen 1585
36%
China Revolutie in China: einde Keizerrijk 1911
31%
Steden & Burgers Stabilisering situatie in landen rondom de Republiek 1648
30%
China Uitroepen Volksrepubliek China 1949
30%
China Stichting Republiek China 1912
29%
Duitsland Mislukte arbeidersopstand in DDR 1953
29%
China Studentendemonstraties op Plein van de Hemelse Vrede 1989
29%
Duitsland Enkele Oost-Europese landen stellen hun grenzen open 1989
28%
China Dood Mao 1976
27%
China Japan bezet Mantsjoerije 1931
25%
China Toetreding China tot WTO 2001
25%
Duitsland BRD en DDR erkennen elkaar als gelijkwaardige staten 1972
24%
China Breuk tussen Communisten en Nationalisten: Nationalisten stellen centraal gezag in 1927
23%
China Pragmatische Economie 1962
18%
Duitsland Ontstaan protestbeweging voor vrijheid in DDR 1989
18%
Geen overeenkomende quizzen gevonden
Scoreverdeling
Procent van Mensen met Elke Score
Percentiel versus Aantal Correcte Antwoorden
Uw Scoregeschiedenis
U heeft deze quiz nog niet genomen